Dossier "L'Italia omofoba" 2004/2005

Uloženo v:
Podrobná bibliografie
Korporativní autor: Arcigay
Médium: Kniha
Jazyk:angličtina
Vydáno: Arcigay
Tagy: Přidat tag
Žádné tagy, Buďte první, kdo vytvoří štítek k tomuto záznamu!

MARC

LEADER 00000nam a2200000 4500
005 20240626183313.0
008 240626b |||||||| |||| 00| 0 eng d
040 |c GP 
110 |a Arcigay 
245 |a Dossier "L'Italia omofoba" 2004/2005 
260 |b Arcigay 
942 |2 ddc  |c BK  |n 0 
952 |0 0  |1 0  |2 ddc  |4 0  |6 306_766000000000000_ORA  |7 1  |9 1509  |a RM  |b RM  |d 2024-06-26  |l 0  |o 306.766 ORA  |p 232  |r 2024-06-26 18:33:37  |w 2024-06-26  |y BK 
999 |c 1327  |d 1327